| 000 | 00466nam a22001697a 4500 | ||
|---|---|---|---|
| 005 | 20240723094943.0 | ||
| 008 | 240723b |||||||| |||| 00| 0 eng d | ||
| 020 | _a9780134863542 | ||
| 082 |
_a006.686 _bGIL-A |
||
| 100 | _aGilbert, Kieth | ||
| 245 |
_aAdobe dimension CC classroom in a book / _cKieth Gilbert |
||
| 260 |
_aUSA: _bWILEY; _c2019. |
||
| 300 |
_aXiv, 278 p. : _bill; _c24 cm. |
||
| 500 | _ainclude index. | ||
| 650 | _aGraphic design | ||
| 999 |
_c36177 _d36177 |
||